000 01103nam1a22002411i 4500
001 rc\3029968
005 20240726035219.0
035 _a(NLR Aleph) 007170953
090 _a7345488
_c7345488
100 _a20111004d1935 |||y0rusy50 ca
101 0 _arus
102 _aRU
105 _ay z |||||
200 1 _aПромышленное оборудование
_eЦенник
_fНаркомтяжпром. Реммаштрест. Ленингр. отд-ние
210 _aЛенинград
_aМосква
_cНаркомтяжпром. Гос. контора справочников и каталогов
_d1935
_eЛенинград
_g2 тип. Трансжелдориздата
215 _d22×14 см
300 _aНа обл. загл.: "Ценник на промышленное оборудование"
512 0 0 _aЦенник на промышленное оборудование
710 0 2 _a"Реммаштрест"
_bСеверо-Западное отделение
_cМосква
801 0 _aRU
_bNLR
_gpsbo
801 1 _aRU
_bELAR
_2rusmarc
852 _aNLR
_j35-17/197(2)
942 _cBOOK